Statistics for Countries with the oldest population

Click here to take the quiz!

General Stats

  • This quiz has been taken 33 times
  • The average score is 23 of 30

Answer Stats

RankMean AgeCountry% Correct
249.5Japan
94%
16=44.8Austria
90%
14=45South Korea
90%
3=48.1Italy
87%
646.3Spain
87%
546.7Germany
84%
746.2Greece
84%
23=44Switzerland
84%
3=48.1Andorra
77%
16=44.8Croatia
77%
27=43.2Finland
77%
2244.1Liechtenstein
77%
156.2Monaco
77%
3042.4Poland
77%
846Portugal
77%
1345.1Romania
77%
9=45.9San Marino
77%
23=44Taiwan
77%
18=44.7Estonia
74%
1245.2Latvia
74%
14=45Lithuania
74%
27=43.2Malta
74%
2643.7Serbia
74%
9=45.9Slovenia
74%
1145.3Ukraine
71%
2144.4Bosnia and Herzegovina
68%
2044.5Hungary
68%
18=44.7Bulgaria
65%
2543.9Czech Republic
65%
2942.5Slovakia
65%

Score Distribution

Percentile by Number Answered

Percent of People with Each Score

Your Score History

You have not taken this quiz